000 00586nam a22001937a 4500
005 20251108174652.0
008 250721s9999 xx 000 0 ara d
082 1 4 _aط/371.33/عبد
100 1 _aعبد الله، يوسف عبد الغفار
_eمؤلف
245 1 0 _aتجارب علمية /
264 1 _aب.م :
_b123 publishing house limited،
_c[200-].
300 _a72ص.
490 0 _a123
650 1 7 _aالتعلم
650 1 7 _aالتجارب العلميه
653 _aاطفال مرحله متوسطه ( 6 - 9سنوات )
942 _2ddc
_cBK
999 _c114936
_d114936